LEADER 02003nam0 22004573i 450 001 VAN0192997 005 20230613110557.739 017 70$2N$a9783319468464 100 $a20210726d2017 |0itac50 ba 101 $aeng 102 $aCH 105 $a|||| ||||| 200 1 $aSpaceports Around the World, A Global Growth Industry$fErik Seedhouse 210 $aCham$cSpringer$cInternational Space University$d2017 215 $aix, 129 p.$cill.$d24 cm 410 1$1001VAN0118864$12001 $aSpringerBriefs in Space Development$1210 $aCham [etc.]$cSpringer 500 1$3VAN0192998$aSpaceports Around the World, A Global Growth Industry$91835149 606 $a85-XX$xAstronomy and Astrophysics [MSC 2020]$3VANC023246$2MF 606 $a00-XX$xGeneral and overarching topics; collections [MSC 2020]$3VANC025238$2MF 610 $aBurt Rutan$9KW:K 610 $aCubesat market development$9KW:K 610 $aElon Musk and space ports$9KW:K 610 $aMojave space port$9KW:K 610 $aPrivate aerospace industry$9KW:K 610 $aSpace port costs$9KW:K 610 $aSpace tourism market$9KW:K 610 $aSpaceShipTwo$9KW:K 610 $aSpaceport history$9KW:K 610 $aTubesat usage$9KW:K 620 $aCH$dCham$3VANL001889 700 1$aSeedhouse$bErik$3VANV106688$0791794 712 $aInternational Space University$3VANV115211$4650 712 $aSpringer $3VANV108073$4650 801 $aIT$bSOL$c20240614$gRICA 856 4 $uhttp://doi.org/10.1007/978-3-319-46846-4$zE-book ? Accesso al full-text attraverso riconoscimento IP di Ateneo, proxy e/o Shibboleth 899 $aBIBLIOTECA DEL DIPARTIMENTO DI MATEMATICA E FISICA$1IT-CE0120$2VAN08 912 $fN 912 $aVAN0192997 950 $aBIBLIOTECA DEL DIPARTIMENTO DI MATEMATICA E FISICA$d08CONS e-book 3284 $e08eMF3284 20210726 996 $aSpaceports Around the World, A Global Growth Industry$91835149 997 $aUNICAMPANIA LEADER 01897nam0 22004333i 450 001 VAN00274657 005 20240806101540.316 017 70$2N$a9783030885304 100 $a20240409d2021 |0itac50 ba 101 $aeng 102 $aCH 105 $a|||| ||||| 200 1 $aContext-Aware Machine Learning and Mobile Data Analytics$eAutomated Rule-based Services with Intelligent Decision-Making$fIqbal Sarker ... [et al.] 210 $aCham$cSpringer$d2021 215 $axvi, 157 p.$cill.$d24 cm 606 $a68-XX$xComputer science [MSC 2020]$3VANC019670$2MF 606 $a68T05$xLearning and adaptive systems in artificial intelligence [MSC 2020]$3VANC023390$2MF 606 $a68T09$xComputational aspects of data analysis and big data [MSC 2020]$3VANC035916$2MF 610 $aAssociation rules$9KW:K 610 $aContext-aware mobile computing$9KW:K 610 $aMachine learning$9KW:K 610 $aMobile data analytics$9KW:K 610 $aPersonalization$9KW:K 610 $aRule discovery$9KW:K 610 $aRule management$9KW:K 610 $aRule-based system$9KW:K 610 $aTime Series Modeling$9KW:K 610 $aUser behavior modeling$9KW:K 620 $aCH$dCham$3VANL001889 702 1$aSarker$bIqbal$3VANV227104 712 $aSpringer $3VANV108073$4650 801 $aIT$bSOL$c20241115$gRICA 856 4 $uhttps://doi.org/10.1007/978-3-030-88530-4$zE-book ? Accesso al full-text attraverso riconoscimento IP di Ateneo, proxy e/o Shibboleth 899 $aBIBLIOTECA DEL DIPARTIMENTO DI MATEMATICA E FISICA$1IT-CE0120$2VAN08 912 $fN 912 $aVAN00274657 950 $aBIBLIOTECA DEL DIPARTIMENTO DI MATEMATICA E FISICA$d08DLOAD e-book 8186 $e08eMF8186 20240412 996 $aContext-Aware Machine Learning and Mobile Data Analytics$94149013 997 $aUNICAMPANIA LEADER 00679nam 2200205 i 4500 001 991004312937607536 005 20250702123820.0 008 020618s1937 it af er b 001 0 ita d 040 $aBibl. Interfacoltà T. Pellegrino$bita$cSocioculturale Scs 041 0 $aita 082 04$a720.945731$223 082 04$a724.1$223 100 1 $aPane, Roberto$02344 245 10$aArchitettura del Rinascimento in Napoli /$cRoberto Pane 260 $aNapoli :$bE.P.S.A. Editrice Politecnica,$c1937 300 $a327 p. :$bill. ;$c23 cm 650 4$aArchitettura$zNapoli$ySec. 15.-16. 912 $a991004312937607536 996 $aArchitettura del rinascimento in Napoli$9321677 997 $aUNISALENTO